000 00872nam a2200229Ii 4500
003 JO-AjNU
008 230605s9999||||xx |||||||||||||| ||und||
017 _a2013/7/2770
020 _a978-9957-565-59-6
040 _aJO-AjNU
_bara
_erda
_cJO-AjNU
041 _aara
050 1 4 _aHN661.Z24 2015
100 3 _aزهرة، وليد حسني,
_eauthor
_948230
245 0 0 _aحيرة الشاهد: الاعلام الاردني في ظل الربيع العربي والحراك الشعبي
250 _aط1
264 3 1 _aعمان: دار ورد الاردنية للنشر والتوزيع، 2015
300 _a302ص
_bيحتوي على ببلوغرافية من 298-302ص
336 _atext
_btxt
_2rdacontent
337 _aunmediated
_bn
_2rdamedia
338 _avolume
_bnc
_2rdacarrier
650 4 _aالاعلام -الاتصال - علم الاجتماع
_948231
999 _aA21107
_c24675
_d24675